000
00334nam a22001457a 4500
008
210602b ||||| |||| 00| 0 eng d
020
_a
0471504882
041
_a
eng
080
_2
2nd
_a
621
082
_a
621
100
_a
26
101
_a
MEK
245
_a
Material Science and Engineering
_c
William D. Callister
942
_2
udc
_c
BK
999
_c
57878
_d
57878